000 00269nam a2200109Ia 4500
008 190216s9999||||xx |||||||||||||| ||und||
100 _aSubodh K Gupta
245 0 _aIndias Five Year Plans
260 _bCalcutta The World Press Pvt Ltd
650 _aCommerce
942 _cBK
999 _c4554
_d4554